Dove giocava nel 2010-2011? - Quiz n°51 - Statistics

Statistiche generali
  • Questo quiz è stato fatto 15 volte
  • Il punteggio medio è 8 su 10
Statistiche sulle risposte
Hint Risposta % Corretto
Diego Godín Atletico Madrid
100%
Ángel Di María Real Madrid
100%
Alberto Gilardino Fiorentina
92%
Walter Gargano Napoli
92%
Yann Sommer Basilea
85%
Philippe Coutinho Inter
85%
Roberto Soldado Valencia
85%
Mauricio Pinilla Palermo
62%
Christian Benteke Malines
46%
Filip Djuricic Heerenveen
38%
Nessun quiz corrispondente trovato
Distribuzione punteggi
Percentuale di utenti per punteggio
Percentile per numero di risposta
I tuoi punteggi nel tempo
Non hai fatto questo quiz